[Event "OP-2017-0-04260"]
[Site "LSS email"]
[Date "2017.01.16"]
[Round "?"]
[White "Firnhaber, Ingo"]
[Black "Wantoch Rekowski, Jacek"]
[Result "1-0"]
[WhiteElo "2391"]
[BlackElo "1735"]
[PlyCount "89"]
[EventDate "2017.01.10"]
[EventType "tourn (corr)"]
[EventRounds "4"]
[EventCountry "GER"]
[SourceTitle "Corr 2022"]
[Source "ChessBase"]
[SourceDate "2021.10.24"]
[SourceVersion "1"]
[SourceVersionDate "2021.10.24"]
[SourceQuality "1"]

1. e4 e5 2. Nf3 Nc6 3. Bb5 a6 4. Ba4 Nf6 5. 0-0 Be7 6. Re1 b5 7. Bb3 d6 8. c3 0-0 9. h3 Na5 10. Bc2 c5 11. d4 cxd4 12. cxd4 Bb7 13. d5 Nd7 14. b3 Rc8 15. Bd2 Qc7 16. Na3 Qb6 17. g4 Ba8 18. Bd3 b4 19. Be3 Nc5 20. Nc2 Qb7 21. Rc1 g6 22. Bh6 Rfe8 23. Bf1 Kh8 24. Nh2 f5 25. exf5 gxf5 26. Ne3 Bf8 27. Bxf8 Rxf8 28. Nxf5 Rxf5 29. gxf5 Rg8+ 30. Ng4 Qxd5 31. Qxd5 Bxd5 32. Rcd1 Bf3 33. Rxd6 Nab7 34. Rh6 Bxg4 35. hxg4 Rxg4+ 36. Kh2 Nd7 37. Bxa6 Kg7 38. Rc6 Nbc5 39. f6+ Kh6 40. f7+ Kg7 41. Bc4 Ne4 42. f3 Rh4+ 43. Kg2 Nef6 44. Rc8 Rxc4 45. f8Q+ 1-0

[Event "CP-2016-Q-00006"]
[Site "LSS email"]
[Date "2016.11.23"]
[Round "?"]
[White "Wantoch Rekowski, Jacek"]
[Black "Morcin, Tom"]
[Result "0-1"]
[WhiteElo "1744"]
[BlackElo "2302"]
[PlyCount "104"]
[EventDate "2016.12.01"]
[EventType "tourn (corr)"]
[EventRounds "6"]
[EventCountry "GER"]
[SourceTitle "Corr 2022"]
[Source "ChessBase"]
[SourceDate "2021.10.24"]
[SourceVersion "1"]
[SourceVersionDate "2021.10.24"]
[SourceQuality "1"]

1. e4 e5 2. Nf3 Nc6 3. Bb5 a6 4. Ba4 Nf6 5. 0-0 Be7 6. Re1 b5 7. Bb3 d6 8. c3 0-0 9. h3 Nb8 10. d4 Nbd7 11. Nbd2 Bb7 12. Bc2 Re8 13. Nf1 Bf8 14. Ng3 g6 15. a4 c5 16. d5 c4 17. Bg5 h6 18. Be3 Nc5 19. Qd2 Kh7 20. Qe2 Qc7 21. Nd2 Nfd7 22. Qf3 Kg8 23. Qg4 Bg7 24. Qh4 h5 25. Ne2 Rec8 26. Reb1 Rcb8 27. axb5 axb5 28. b4 cxb3 29. Nxb3 Rxa1 30. Rxa1 Na4 31. Bd2 Ndb6 32. Qg3 Bc8 33. Rb1 Bd7 34. Bd3 Nc4 35. Bc1 Rf8 36. Kh2 Re8 37. Qg5 Ra8 38. Kg1 Be8 39. Qg3 Nab6 40. Qf3 Ra2 41. Bg5 Na4 42. Nbc1 Ra3 43. Rb3 Ra1 44. Bxc4 Qxc4 45. Kh2 Qc8 46. Bf6 Bh6 47. Nd3 Nb6 48. Nb2 Nd7 49. Be7 Nc5 50. Rb4 Qd7 51. Qf6 Ra7 52. Bd8 Ra3 0-1

[Event "OP-2016-0-04141"]
[Site "LSS email"]
[Date "2016.08.29"]
[Round "?"]
[White "Wantoch Rekowski, Jacek"]
[Black "Molina, Vicente Andres"]
[Result "1-0"]
[WhiteElo "1774"]
[BlackElo "695"]
[PlyCount "33"]
[EventDate "2016.08.24"]
[EventType "tourn (corr)"]
[EventRounds "4"]
[EventCountry "GER"]
[SourceTitle "Corr 2022"]
[Source "ChessBase"]
[SourceDate "2021.10.24"]
[SourceVersion "1"]
[SourceVersionDate "2021.10.24"]
[SourceQuality "1"]

1. b4 e5 2. Bb2 d6 3. c4 Ne7 4. e3 g6 5. a3 Bg7 6. Nf3 0-0 7. d4 e4 8. Nfd2 d5 9. cxd5 Qxd5 10. Nc3 Qd8 11. Ndxe4 b6 12. h4 Nd7 13. h5 Bb7 14. hxg6 fxg6 15. Bc4+ Kh8 16. Ng5 Qe8 17. Rxh7# 1-0

[Event "RC-2016-0-00185"]
[Site "LSS email"]
[Date "2016.03.08"]
[Round "?"]
[White "Wantoch Rekowski, Jacek"]
[Black "Laczay, Istvan"]
[Result "1/2-1/2"]
[WhiteElo "1777"]
[BlackElo "1698"]
[PlyCount "125"]
[EventDate "2016.01.19"]
[EventType "tourn (corr)"]
[EventRounds "6"]
[EventCountry "GER"]
[SourceTitle "Corr 2022"]
[Source "ChessBase"]
[SourceDate "2021.10.24"]
[SourceVersion "1"]
[SourceVersionDate "2021.10.24"]
[SourceQuality "1"]

1. e4 c5 2. Nf3 d6 3. d4 cxd4 4. Nxd4 Nf6 5. Nc3 a6 6. Be3 e5 7. Nb3 Be7 8. Be2 0-0 9. 0-0 Be6 10. Nd5 Bxd5 11. exd5 a5 12. a4 Na6 13. Bb5 Nb4 14. c4 Qc8 15. f4 Ng4 16. Bd2 Bd8 17. Qe2 Bb6+ 18. Kh1 Nc2 19. Rac1 Nd4 20. Nxd4 Bxd4 21. h3 Nf6 22. Bc3 Bxc3 23. Rxc3 exf4 24. Rxf4 Qd8 25. Re3 Nd7 26. Bxd7 Qxd7 27. Re7 Qxa4 28. Kh2 Rad8 29. Qf2 f6 30. Qb6 Rde8 31. Rxb7 Rf7 32. Rxf7 Kxf7 33. Qxd6 Qb3 34. Rg4 g5 35. Qd7+ Kf8 36. Qxh7 Qxb2 37. Qf5 Qe5+ 38. Qxe5 Rxe5 39. Rd4 Re2 40. c5 Rc2 41. c6 Ke7 42. d6+ Kd8 43. c7+ Kd7 44. Kg3 f5 45. Rd5 Rc3+ 46. Kf2 a4 47. Ke2 a3 48. Rxf5 Kxd6 49. Rf3 Rc2+ 50. Kd1 Rxc7 51. Rxa3 Ke5 52. Ke2 Rc2+ 53. Kf3 Kf5 54. Ra5+ Kg6 55. Ra6+ Kf5 56. Kg3 Rc3+ 57. Kf2 Rb3 58. Rc6 Rb2+ 59. Kg1 Rd2 60. Rc3 Rb2 61. Rc6 Rd2 62. Rc3 Rb2 63. Rc6 1/2-1/2

[Event "BI-2016-F-0000"]
[Site "LSS email"]
[Date "2016.02.14"]
[Round "?"]
[White "Habes, Jiri"]
[Black "Wantoch Rekowski, Jacek"]
[Result "1-0"]
[WhiteElo "1778"]
[BlackElo "1765"]
[PlyCount "121"]
[EventDate "2016.02.20"]
[EventType "tourn (corr)"]
[EventRounds "10"]
[EventCountry "GER"]
[SourceTitle "Corr 2022"]
[Source "ChessBase"]
[SourceDate "2021.10.24"]
[SourceVersion "1"]
[SourceVersionDate "2021.10.24"]
[SourceQuality "1"]

1. d4 d5 2. c4 e6 3. Nc3 Nf6 4. Nf3 c6 5. e3 Nbd7 6. Bd3 dxc4 7. Bxc4 b5 8. Bd3 a6 9. e4 c5 10. d5 c4 11. Bc2 e5 12. 0-0 Bd6 13. Ne2 0-0 14. Ng3 Nc5 15. b4 Nb7 16. a4 Bd7 17. axb5 axb5 18. Rxa8 Qxa8 19. Bb2 Re8 20. h3 Qd8 21. Qa1 Qc7 22. Bc3 Kh8 23. Qa3 Ng8 24. Ra1 Ne7 25. h4 Nc8 26. h5 f6 27. Bd2 Nb6 28. Qe3 Na4 29. Ra3 c3 30. Bxc3 Na5 31. Bd3 Nxc3 32. Rxa5 Bxb4 33. Ra7 Qc8 34. h6 Kg8 35. hxg7 Nd1 36. Qe2 Bc5 37. Rxd7 Bxf2+ 38. Kh2 Bxg3+ 39. Kxg3 Qxd7 40. Qxd1 Qxg7+ 41. Kf2 Rb8 42. Nh4 b4 43. d6 Kh8 44. Bc4 b3 45. d7 Rd8 46. Be6 b2 47. Qb3 Qe7 48. Bf5 Qc5+ 49. Ke2 Ra8 50. Qxb2 Qc4+ 51. Kf2 Qc5+ 52. Kf3 Ra3+ 53. Kg4 Ra8 54. Qd2 Qe7 55. Qd5 Rg8+ 56. Kh3 Qg7 57. Qb3 Rd8 58. Be6 f5 59. exf5 e4 60. Qb4 Qf6 61. Qxe4 1-0

[Event "BI-2016-F-0000"]
[Site "LSS email"]
[Date "2016.02.14"]
[Round "?"]
[White "Wantoch Rekowski, Jacek"]
[Black "Oliveira, Marcio B"]
[Result "0-1"]
[WhiteElo "1765"]
[BlackElo "2293"]
[PlyCount "110"]
[EventDate "2016.02.20"]
[EventType "tourn (corr)"]
[EventRounds "10"]
[EventCountry "GER"]
[SourceTitle "Corr 2022"]
[Source "ChessBase"]
[SourceDate "2021.10.24"]
[SourceVersion "1"]
[SourceVersionDate "2021.10.24"]
[SourceQuality "1"]

1. e4 c5 2. Nf3 d6 3. d4 cxd4 4. Nxd4 Nf6 5. Nc3 a6 6. Be3 e5 7. Nb3 Be6 8. f3 h5 9. Qd2 Nbd7 10. Nd5 Bxd5 11. exd5 g6 12. a4 Bg7 13. Be2 e4 14. 0-0 exf3 15. Bxf3 0-0 16. Bd4 Ne5 17. Qb4 Rb8 18. a5 Nxf3+ 19. Rxf3 Nxd5 20. Qd2 Nf6 21. Rd1 Rc8 22. Qf4 Rc4 23. Rff1 Ng4 24. h3 Ne5 25. Qd2 Rc8 26. c3 Qh4 27. Qc2 Rfe8 28. Bf2 Qd8 29. Bd4 Re6 30. Bb6 Qe8 31. Nd4 Re7 32. Qf2 Nc4 33. Rde1 Rxe1 34. Rxe1 Qd7 35. Nf3 Re8 36. Rf1 Bh6 37. Kh1 Re4 38. Rb1 Qe7 39. Rf1 Re2 40. Qd4 Ne3 41. Rg1 Nf5 42. Qd3 Ng3+ 43. Kh2 Bf4 44. Rb1 g5 45. Qc4 Qd7 46. Kg1 Qf5 47. Re1 Rxe1+ 48. Nxe1 Bd2 49. Qd3 Bxe1 50. Qxf5 Nxf5 51. Kf1 Bg3 52. Ke2 Be5 53. Bf2 Kh7 54. Kd3 Kg6 55. Be1 g4 0-1

[Event "CP-2015-P-00012"]
[Site "LSS email"]
[Date "2015.09.28"]
[Round "?"]
[White "Lukin, Andrey"]
[Black "Wantoch Rekowski, Jacek"]
[Result "0-1"]
[WhiteElo "1421"]
[BlackElo "1793"]
[PlyCount "32"]
[EventDate "2015.10.01"]
[EventType "tourn (corr)"]
[EventRounds "6"]
[EventCountry "GER"]
[SourceTitle "Corr 2022"]
[Source "ChessBase"]
[SourceDate "2021.10.24"]
[SourceVersion "1"]
[SourceVersionDate "2021.10.24"]
[SourceQuality "1"]

1. e4 e5 2. f4 exf4 3. Nf3 g5 4. Bc4 Bg7 5. h4 h6 6. d4 Nc6 7. c3 Qe7 8. Qe2 d6 9. 0-0 Bd7 10. g3 0-0-0 11. gxf4 g4 12. Nh2 Qxh4 13. Bxf7 Nxd4 14. cxd4 Bxd4+ 15. Kh1 Rf8 16. Rd1 Bb6 0-1

[Event "CP-2015-P-00012"]
[Site "LSS email"]
[Date "2015.09.28"]
[Round "?"]
[White "Wantoch Rekowski, Jacek"]
[Black "Mondino, Victor Nilo"]
[Result "1-0"]
[WhiteElo "1793"]
[BlackElo "2278"]
[PlyCount "31"]
[EventDate "2015.10.01"]
[EventType "tourn (corr)"]
[EventRounds "6"]
[EventCountry "GER"]
[SourceTitle "Corr 2022"]
[Source "ChessBase"]
[SourceDate "2021.10.24"]
[SourceVersion "1"]
[SourceVersionDate "2021.10.24"]
[SourceQuality "1"]

1. e4 c5 2. Nf3 Nc6 3. d4 cxd4 4. Nxd4 e5 5. Nb5 d6 6. N1c3 a6 7. Na3 b5 8. Nd5 Nf6 9. Bg5 Be7 10. Bxf6 Bxf6 11. c3 Bg5 12. Nc2 Rb8 13. Bd3 0-0 14. 0-0 Be6 15. a3 Ne7 16. Ncb4 1-0

[Event "RB-2015-0-00288"]
[Site "LSS email"]
[Date "2015.08.15"]
[Round "?"]
[White "Wantoch Rekowski, Jacek"]
[Black "Ederer, Karel"]
[Result "1/2-1/2"]
[WhiteElo "1778"]
[BlackElo "1967"]
[PlyCount "82"]
[EventDate "2015.07.13"]
[EventType "tourn (corr)"]
[EventRounds "6"]
[EventCountry "GER"]
[SourceTitle "Corr 2022"]
[Source "ChessBase"]
[SourceDate "2021.10.24"]
[SourceVersion "1"]
[SourceVersionDate "2021.10.24"]
[SourceQuality "1"]

1. e4 c5 2. Nf3 Nc6 3. d4 cxd4 4. Nxd4 Nf6 5. Nc3 e5 6. Ndb5 d6 7. Bg5 a6 8. Na3 b5 9. Nd5 Be7 10. Bxf6 Bxf6 11. c3 0-0 12. Nc2 Rb8 13. Bd3 Bg5 14. Kf1 Be6 15. Qf3 Qd7 16. h4 Bh6 17. Nce3 Bxe3 18. Nxe3 b4 19. h5 bxc3 20. bxc3 h6 21. Bxa6 Ne7 22. c4 Qa7 23. Bb5 f5 24. Kg1 fxe4 25. Qxe4 Rf4 26. Qd3 Nf5 27. a4 Rxf2 28. Kxf2 Rf8 29. Raf1 Nxe3+ 30. Ke2 Bg4+ 31. Kd2 Nxf1+ 32. Rxf1 Rxf1 33. Qxf1 Bxh5 34. Qd3 Qf2+ 35. Kc3 Qb6 36. Kc2 Bf7 37. Kd2 g5 38. Qe3 Qa5+ 39. Qc3 Qa8 40. Qf3 Qa7 41. Qe3 Qb7 1/2-1/2

[Event "RB-2015-0-00288"]
[Site "LSS email"]
[Date "2015.08.14"]
[Round "?"]
[White "Wantoch Rekowski, Jacek"]
[Black "Maass, Walter"]
[Result "1/2-1/2"]
[WhiteElo "1778"]
[BlackElo "1939"]
[PlyCount "87"]
[EventDate "2015.07.13"]
[EventType "tourn (corr)"]
[EventRounds "6"]
[EventCountry "GER"]
[SourceTitle "Corr 2022"]
[Source "ChessBase"]
[SourceDate "2021.10.24"]
[SourceVersion "1"]
[SourceVersionDate "2021.10.24"]
[SourceQuality "1"]

1. e4 d5 2. exd5 Qxd5 3. Nc3 Qa5 4. d4 Nf6 5. Nf3 Bf5 6. Bc4 e6 7. Bd2 c6 8. Qe2 Bb4 9. 0-0-0 Nbd7 10. a3 Bxc3 11. Bxc3 Qc7 12. Ne5 b5 13. Ba2 Be4 14. Rhe1 Bd5 15. Bxd5 Nxd5 16. Bd2 0-0 17. Qg4 Rfe8 18. Bh6 g6 19. Qf3 Nxe5 20. dxe5 Qe7 21. h4 a5 22. Qg3 b4 23. a4 c5 24. Re4 Qb7 25. Qf3 Rac8 26. h5 Red8 27. Rc4 Qd7 28. b3 Qe7 29. Rd3 Nb6 30. Rg4 Rxd3 31. cxd3 Nd5 32. Re4 Nc3 33. Rc4 Nd5 34. Qg3 Qd7 35. Qg5 Qb7 36. Kd2 Qa7 37. Kc2 Qb7 38. g4 Qc6 39. Kc1 Qa8 40. Kb2 Rc7 41. Rc2 Rc8 42. Rc4 Rc7 43. Rc2 Rc8 44. Rc4 1/2-1/2

[Event "BI-2015-P-0000"]
[Site "LSS email"]
[Date "2015.04.16"]
[Round "?"]
[White "Giavassopoulos, Tom"]
[Black "Wantoch Rekowski, Jacek"]
[Result "0-1"]
[WhiteElo "1596"]
[BlackElo "1792"]
[PlyCount "70"]
[EventDate "2015.04.22"]
[EventType "tourn (corr)"]
[EventRounds "10"]
[EventCountry "GER"]
[SourceTitle "Corr 2022"]
[Source "ChessBase"]
[SourceDate "2021.10.24"]
[SourceVersion "1"]
[SourceVersionDate "2021.10.24"]
[SourceQuality "1"]

1. d4 d5 2. Bf4 Nf6 3. e3 c5 4. c3 Nc6 5. Nd2 Bf5 6. Ngf3 e6 7. Be2 Qb6 8. Qc1 h6 9. h3 Be7 10. 0-0 0-0 11. Re1 Rac8 12. Nb3 cxd4 13. exd4 Nb4 14. Rd1 a6 15. Nc5 Nc2 16. Rb1 Rxc5 17. dxc5 Bxc5 18. Bd3 Bxf2+ 19. Kh1 Ne3 20. Bxe3 Bxe3 21. Qc2 Bxd3 22. Rxd3 Ne4 23. Nd4 Nf2+ 24. Kh2 Nxd3 25. Qxd3 Bxd4 26. cxd4 Rc8 27. a3 Qc7+ 28. Qg3 Qxg3+ 29. Kxg3 Rc2 30. b4 Rc3+ 31. Kf4 Kf8 32. a4 Rd3 33. Ke5 Ke7 34. b5 g5 35. Rf1 Re3# 0-1

[Event "BI-2015-P-0000"]
[Site "LSS email"]
[Date "2015.04.16"]
[Round "?"]
[White "Kazimierski, Tomasz"]
[Black "Wantoch Rekowski, Jacek"]
[Result "1-0"]
[WhiteElo "2131"]
[BlackElo "1792"]
[PlyCount "101"]
[EventDate "2015.04.22"]
[EventType "tourn (corr)"]
[EventRounds "10"]
[EventCountry "GER"]
[SourceTitle "Corr 2022"]
[Source "ChessBase"]
[SourceDate "2021.10.24"]
[SourceVersion "1"]
[SourceVersionDate "2021.10.24"]
[SourceQuality "1"]

1. Nf3 Nf6 2. d4 d5 3. c4 c6 4. cxd5 cxd5 5. Nc3 Nc6 6. Bf4 Bf5 7. Qb3 Na5 8. Qa4+ Bd7 9. Qc2 Nc6 10. e3 Nh5 11. Nxd5 Nxf4 12. Nxf4 Rc8 13. Qd2 e5 14. Nd5 e4 15. Ng1 Bd6 16. Nc3 Qe7 17. Nge2 0-0 18. Ng3 f5 19. Bc4+ Kh8 20. 0-0 Qh4 21. Bb5 Rf6 22. Bxc6 Bxc6 23. d5 Bd7 24. Nce2 Re8 25. Qd4 b6 26. f4 Rh6 27. Rac1 Rf8 28. h3 Kg8 29. Qc4 Bc5 30. Rc3 Rg6 31. b4 Bd6 32. Kh2 b5 33. Qb3 Ra8 34. Rfc1 h6 35. Rc6 a6 36. Rb6 Kh7 37. Rb7 Qd8 38. Rc6 a5 39. Nh5 Rb8 40. Rxd7 Qxd7 41. bxa5 b4 42. Nd4 Ra8 43. a6 Rg8 44. Qc4 Rg5 45. Ng3 Rxg3 46. Kxg3 g5 47. Kf2 gxf4 48. exf4 Bxf4 49. Qb5 Rg7 50. Ne6 Bg3+ 51. Ke3 1-0

[Event "BI-2015-P-0000"]
[Site "LSS email"]
[Date "2015.04.16"]
[Round "?"]
[White "Koch, Christian"]
[Black "Wantoch Rekowski, Jacek"]
[Result "1-0"]
[WhiteElo "2271"]
[BlackElo "1792"]
[PlyCount "101"]
[EventDate "2015.04.22"]
[EventType "tourn (corr)"]
[EventRounds "10"]
[EventCountry "GER"]
[SourceTitle "Corr 2022"]
[Source "ChessBase"]
[SourceDate "2021.10.24"]
[SourceVersion "1"]
[SourceVersionDate "2021.10.24"]
[SourceQuality "1"]

1. e4 c5 2. Nf3 d6 3. d4 cxd4 4. Nxd4 Nf6 5. Nc3 a6 6. Be3 e5 7. Nb3 Be6 8. Qd2 Nbd7 9. f3 b5 10. 0-0-0 Be7 11. g4 Nb6 12. g5 Nfd7 13. Na5 b4 14. Nd5 Nxd5 15. exd5 Qxa5 16. dxe6 fxe6 17. Kb1 d5 18. Bh3 d4 19. Bf2 Qd5 20. f4 Rf8 21. Rhe1 Rc8 22. Bg3 d3 23. Qxd3 Qxd3 24. cxd3 exf4 25. Bf2 e5 26. d4 Rd8 27. dxe5 f3 28. Rc1 Rf4 29. e6 Nf8 30. Bb6 Ra8 31. Rc7 Rb8 32. Ba7 Ra8 33. Bf2 Ng6 34. Rec1 Rd8 35. Rc8 Rh4 36. Rxd8+ Bxd8 37. Bxh4 Nxh4 38. Rc4 Bxg5 39. Rxb4 f2 40. Rb7 Nf3 41. Rxg7 Be3 42. Kc2 Ng5 43. Bf1 h6 44. Bxa6 Nxe6 45. Rh7 Nc5 46. Bb5+ Kf8 47. Bc4 Ne4 48. Rf7+ Ke8 49. Rf3 Ba7 50. b4 Nd6 51. Bd5 1-0

[Event "BI-2015-P-0000"]
[Site "LSS email"]
[Date "2015.04.16"]
[Round "?"]
[White "Linart, Ludvik"]
[Black "Wantoch Rekowski, Jacek"]
[Result "1/2-1/2"]
[WhiteElo "1474"]
[BlackElo "1792"]
[PlyCount "101"]
[EventDate "2015.04.22"]
[EventType "tourn (corr)"]
[EventRounds "10"]
[EventCountry "GER"]
[SourceTitle "Corr 2022"]
[Source "ChessBase"]
[SourceDate "2021.10.24"]
[SourceVersion "1"]
[SourceVersionDate "2021.10.24"]
[SourceQuality "1"]

1. d4 d5 2. Nf3 Nf6 3. c4 c6 4. Nc3 e6 5. e3 Nbd7 6. Qc2 Bd6 7. Be2 0-0 8. 0-0 dxc4 9. Bxc4 b5 10. Bd3 Bb7 11. e4 e5 12. Be3 exd4 13. Bxd4 Re8 14. Rad1 Qc7 15. a3 a6 16. e5 Nxe5 17. Bxe5 Bxe5 18. Ne4 Bxb2 19. Nxf6+ Bxf6 20. Bxh7+ Kh8 21. Qf5 Re7 22. Qh5 Qf4 23. Bc2+ Qh6 24. Qc5 Rae8 25. Qd6 Kg8 26. Rfe1 Kf8 27. Qc5 Qf4 28. Re4 Qc7 29. g4 Kg8 30. Qf5 Rxe4 31. Bxe4 Rxe4 32. Qxe4 c5 33. Qe8+ Kh7 34. Rd7 Qf4 35. Rxb7 Qxg4+ 36. Kf1 Qxf3 37. Qxf7 c4 38. Ra7 a5 39. Rb7 c3 40. Rb8 Qd3+ 41. Kg2 Qe4+ 42. Kf1 Qe5 43. Rc8 b4 44. Qc4 Qf5 45. axb4 axb4 46. Rc5 Qb1+ 47. Kg2 Qg6+ 48. Kf1 Be7 49. Rc8 Qb1+ 50. Kg2 Qf5 51. Qg8+ 1/2-1/2

[Event "BI-2015-P-0000"]
[Site "LSS email"]
[Date "2015.04.16"]
[Round "?"]
[White "Wantoch Rekowski, Jacek"]
[Black "Gorman, Andrew"]
[Result "1-0"]
[WhiteElo "1792"]
[BlackElo "904"]
[PlyCount "53"]
[EventDate "2015.04.22"]
[EventType "tourn (corr)"]
[EventRounds "10"]
[EventCountry "GER"]
[SourceTitle "Corr 2022"]
[Source "ChessBase"]
[SourceDate "2021.10.24"]
[SourceVersion "1"]
[SourceVersionDate "2021.10.24"]
[SourceQuality "1"]

1. e4 e5 2. Nf3 Nc6 3. Bb5 a6 4. Ba4 Nd4 5. d3 b5 6. Nxd4 exd4 7. Bb3 Qf6 8. Qh5 d6 9. Bd5 Ra7 10. Bc6+ Bd7 11. Bxd7+ Kxd7 12. 0-0 Nh6 13. c3 c5 14. cxd4 Qxd4 15. Bxh6 gxh6 16. Qxf7+ Be7 17. Nc3 Qf6 18. Qb3 Rf8 19. Rac1 Qe6 20. Nd5 Rb7 21. Qa3 Ra8 22. b4 Rc8 23. Qxa6 Rbb8 24. f4 Bd8 25. f5 Qf7 26. f6 Ra8 27. Qxb5+ 1-0

[Event "WC-2015-P-00011"]
[Site "LSS email"]
[Date "2015.01.19"]
[Round "?"]
[White "Hernandez Molina, David Enrique"]
[Black "Wantoch Rekowski, Jacek"]
[Result "1-0"]
[WhiteElo "2223"]
[BlackElo "1792"]
[PlyCount "91"]
[EventDate "2015.01.25"]
[EventType "tourn (corr)"]
[EventRounds "12"]
[EventCountry "GER"]
[SourceTitle "Corr 2022"]
[Source "ChessBase"]
[SourceDate "2021.10.24"]
[SourceVersion "1"]
[SourceVersionDate "2021.10.24"]
[SourceQuality "1"]

1. e4 c5 2. Nf3 d6 3. d4 cxd4 4. Nxd4 Nf6 5. Nc3 a6 6. Be3 e5 7. Nb3 Be6 8. f3 Be7 9. Qd2 0-0 10. 0-0-0 Nbd7 11. g4 b5 12. g5 b4 13. Ne2 Ne8 14. f4 a5 15. f5 a4 16. Nbd4 exd4 17. Nxd4 b3 18. Kb1 bxa2+ 19. Ka1 Nc5 20. fxe6 fxe6 21. Nc6 Qd7 22. Nxe7+ Qxe7 23. Bxc5 dxc5 24. Bc4 Kh8 25. Kxa2 Rb8 26. Rhf1 Rxf1 27. Bxf1 Qc7 28. Qc3 Kg8 29. Bc4 Rb6 30. h4 g6 31. Rd3 Ng7 32. Qf6 Rb8 33. Rf3 Re8 34. h5 gxh5 35. g6 hxg6 36. Qxg6 a3 37. bxa3 Qe5 38. Rf5 Qc3 39. Qf7+ Kh8 40. Rxh5+ Nxh5 41. Qxe8+ Kg7 42. Qe7+ Kh8 43. Qd8+ Kh7 44. Qd3 Qxd3 45. cxd3 Kg7 46. a4 1-0

[Event "WC-2015-P-00011"]
[Site "LSS email"]
[Date "2015.01.19"]
[Round "?"]
[White "Medvedev, Eduard"]
[Black "Wantoch Rekowski, Jacek"]
[Result "1-0"]
[WhiteElo "2248"]
[BlackElo "1792"]
[PlyCount "99"]
[EventDate "2015.01.25"]
[EventType "tourn (corr)"]
[EventRounds "12"]
[EventCountry "GER"]
[SourceTitle "Corr 2022"]
[Source "ChessBase"]
[SourceDate "2021.10.24"]
[SourceVersion "1"]
[SourceVersionDate "2021.10.24"]
[SourceQuality "1"]

1. d4 d5 2. c4 e6 3. Nf3 Nf6 4. Nc3 Be7 5. Bf4 0-0 6. a3 b6 7. e3 Bb7 8. h3 c5 9. dxc5 bxc5 10. Be2 Bd6 11. Bxd6 Qxd6 12. 0-0 Nc6 13. Qc2 Rac8 14. Rfd1 Rfe8 15. Rac1 Qb8 16. Na4 Na5 17. Nd2 Ba6 18. Bf1 dxc4 19. Nxc4 Nb3 20. Rb1 Nd5 21. Nc3 Rcd8 22. a4 Qb4 23. Nb5 Rf8 24. Ne5 Na5 25. Nxa7 Bxf1 26. Nac6 Nxc6 27. Nxc6 Qb6 28. Nxd8 Nb4 29. Qc3 Ba6 30. a5 Qc7 31. Rbc1 Rxd8 32. Rxd8+ Qxd8 33. Qxc5 Nd3 34. Qc7 Qxc7 35. Rxc7 Nb4 36. e4 Kf8 37. Rc3 Be2 38. Rb3 Na6 39. f3 Ke8 40. Kf2 Bc4 41. Rb7 Nc5 42. Rc7 Nd3+ 43. Ke3 Nxb2 44. Rb7 Nd3 45. Kd4 Ba6 46. Rb6 e5+ 47. Kc3 Nc5 48. Rc6 Nxe4+ 49. fxe4 Bb7 50. Rc7 1-0

[Event "WC-2015-P-00011"]
[Site "LSS email"]
[Date "2015.01.19"]
[Round "?"]
[White "Wantoch Rekowski, Jacek"]
[Black "Medvedev, Eduard"]
[Result "0-1"]
[WhiteElo "1792"]
[BlackElo "2248"]
[PlyCount "82"]
[EventDate "2015.01.25"]
[EventType "tourn (corr)"]
[EventRounds "12"]
[EventCountry "GER"]
[SourceTitle "Corr 2022"]
[Source "ChessBase"]
[SourceDate "2021.10.24"]
[SourceVersion "1"]
[SourceVersionDate "2021.10.24"]
[SourceQuality "1"]

1. e4 c5 2. Nf3 Nc6 3. d4 cxd4 4. Nxd4 Nf6 5. Nc3 e5 6. Ndb5 d6 7. Bg5 a6 8. Na3 b5 9. Nd5 Be7 10. Bxf6 Bxf6 11. c4 b4 12. Nc2 0-0 13. Ncxb4 Nxb4 14. Nxb4 Qb6 15. a3 a5 16. Nd5 Qxb2 17. Be2 Bd8 18. 0-0 Be6 19. Qd3 Bxd5 20. cxd5 Qb8 21. Rab1 Bb6 22. a4 Qa7 23. Qh3 g6 24. Bd3 Rac8 25. Qh6 Rc3 26. Qd2 Bd4 27. Kh1 Rfc8 28. Qe2 Qc5 29. Rbd1 Qa3 30. Bb5 Rc2 31. Qg4 h5 32. Qh4 Kg7 33. Bc6 Qb3 34. f3 Rb8 35. Bb5 Rf2 36. Rfe1 Rb2 37. Rf1 Be3 38. Ra1 Rxb5 39. axb5 a4 40. Qe1 a3 41. Rd1 Qc2 0-1

[Event "WC-2015-P-00011"]
[Site "LSS email"]
[Date "2015.01.19"]
[Round "?"]
[White "Wantoch Rekowski, Jacek"]
[Black "Oliger, Mark"]
[Result "1/2-1/2"]
[WhiteElo "1792"]
[BlackElo "1928"]
[PlyCount "58"]
[EventDate "2015.01.25"]
[EventType "tourn (corr)"]
[EventRounds "12"]
[EventCountry "GER"]
[SourceTitle "Corr 2022"]
[Source "ChessBase"]
[SourceDate "2021.10.24"]
[SourceVersion "1"]
[SourceVersionDate "2021.10.24"]
[SourceQuality "1"]

1. e4 e5 2. Nf3 Nc6 3. Bb5 a6 4. Ba4 Nf6 5. 0-0 Be7 6. Re1 b5 7. Bb3 d6 8. c3 0-0 9. h3 Na5 10. Bc2 c5 11. d4 Qc7 12. d5 Bd7 13. Nfd2 g6 14. Nf1 Nh5 15. Bh6 Ng7 16. Nbd2 c4 17. Ng3 Nb7 18. Qf3 Rfc8 19. Rf1 Nc5 20. Qe3 a5 21. f4 f6 22. Ne2 a4 23. Kh1 Nh5 24. f5 Ng7 25. Qg3 Be8 26. Nb1 Bd8 27. Na3 g5 28. Qf3 Rab8 29. Ng3 Qf7 1/2-1/2

[Event "WC-2015-P-00011"]
[Site "LSS email"]
[Date "2015.01.19"]
[Round "?"]
[White "Wantoch Rekowski, Jacek"]
[Black "Wittal, Werner"]
[Result "0-1"]
[WhiteElo "1792"]
[BlackElo "2071"]
[PlyCount "108"]
[EventDate "2015.01.25"]
[EventType "tourn (corr)"]
[EventRounds "12"]
[EventCountry "GER"]
[SourceTitle "Corr 2022"]
[Source "ChessBase"]
[SourceDate "2021.10.24"]
[SourceVersion "1"]
[SourceVersionDate "2021.10.24"]
[SourceQuality "1"]

1. e4 e5 2. Nf3 Nc6 3. Bb5 a6 4. Ba4 Nf6 5. 0-0 Be7 6. Re1 b5 7. Bb3 d6 8. c3 0-0 9. h3 Na5 10. Bc2 c5 11. d4 Nd7 12. Nbd2 exd4 13. cxd4 Nc6 14. d5 Nce5 15. a4 b4 16. Nxe5 Nxe5 17. f4 Ng6 18. Nc4 a5 19. f5 Ba6 20. fxg6 Bxc4 21. gxh7+ Kh8 22. Qg4 Re8 23. Rd1 Ba6 24. e5 dxe5 25. Qf3 e4 26. Bxe4 Bd6 27. Bf4 Be2 28. Qxe2 Bxf4 29. Qf3 Qh4 30. Kh1 Bd6 31. Bd3 c4 32. Bf1 Rad8 33. Rac1 Re4 34. Rc2 Rde8 35. Re2 Rxe2 36. Bxe2 Kxh7 37. Rc1 Qg5 38. Qh5+ Qxh5 39. Bxh5 g6 40. Bf3 Bf4 41. Rf1 Bg3 42. Kg1 f5 43. h4 Kh6 44. Bd1 b3 45. h5 Be5 46. Re1 Bd4+ 47. Kf1 Rxe1+ 48. Kxe1 Bxb2 49. d6 gxh5 50. Kf2 Bf6 51. Kf3 Bg5 52. Kf2 Kg7 53. d7 Kf8 54. d8Q+ Bxd8 0-1